000 00639cam5a220018100 4500
001 zam00008195
008 970717n xx eng u
035 _a(Sirsi) r138195
040 _dUPRA
100 _aTruman, David.
_6A109801.1
245 1 4 _aThe informal sector revisited.
260 _aParis :
_bOECD,
_c1990.
520 _aThis volume of papers follows the recent publication of the proceedings of an earlier seminar on urban employment.
650 4 _aInformal Sector.
_6S75137.1
650 4 _aEmployment -- Rural Commuicaties.
_xEmployment -- Rural Commuicaties.
_6S83690.1
949 1 0 _mINESOR
_tBOOK
_lON-SHELF
004 138195
999 _c26693
_d26693